Normal view
MARC view
- Gates, Phil
Entry Personal Name
001 - CONTROL NUMBER
- control field: 82085
003 - CONTROL NUMBER IDENTIFIER
- control field: NUST
005 - DATE AND TIME OF LATEST TRANSACTION
- control field: 20210902200318.0
008 - FIXED-LENGTH DATA ELEMENTS
- fixed length control field: 210902|| aca||aabn | a|a d
040 ## - CATALOGING SOURCE
- Original cataloging agency: NUST
- Transcribing agency: NUST
100 ## - HEADING--PERSONAL NAME
- Personal name: Gates, Phil
670 ## - SOURCE DATA FOUND
- Source citation: Work cat.: (NUST): Gates, Phil , Evolve Or Die Horrible Science Long Legs Run In The Family, 1999.
